Nommez ce Pokémon #01 - Statistiques

Statistiques générales
  • Ce quiz a été pris 92 fois
  • Le résultat moyen est 15 sur 20
Statistiques - réponses
Par images Réponse % Correct
Ptéra
97%
Tortipouss
95%
Mammochon
93%
Férosinge
92%
Drattak
90%
Emolga
86%
Gruikui
84%
Anchwatt
83%
Tartard
83%
Grainipiot
81%
Hexagel
80%
Momartik
80%
Cabriolaine
70%
Gouroutan
69%
Anorith
66%
Verpom
66%
Pâtachiot
58%
Fantyrm
50%
Pimito
41%
Fulgulairo
40%
Aucun quiz correspondant
Distribution des résultats
% des personnes avec chaque résultat
Percentile par nombre de réponses
Votre historique - résultats
Vous n’avez pas pris ce quiz